| 000 | 01196namaa22003011i 4500 | ||
|---|---|---|---|
| 003 | EG-GICUC | ||
| 005 | 20260304103829.0 | ||
| 008 | 260304s1990 le ||||jr|||| 000 0 ara d | ||
| 040 |
_aEG-GiCUC _bara _cEG-GiCUC _dEG-GiCUC _erda |
||
| 082 | 0 | 4 |
_221 _a236.8 _bS1287 |
| 092 | 0 | 4 |
_221 _a236.8 _bS1287 |
| 099 | _a236.8 S1287 1990 | ||
| 100 | 1 |
_aسفاريني، محمد بن أحمد _d1702 او 1703-1774 _eمؤلف. |
|
| 245 | 1 |
_aشرح ثلاثيات مسند الإمام أحمد / _cتأليف العلامة الشيخ محمد السفارينى الحنبلى |
|
| 250 | _aالطبعة الرابعة | ||
| 264 |
_aبيروت (لبنان) : _bالمكتب الاسلامى، _c1990 |
||
| 300 |
_a؛ 2 مجلد _c24 سم |
||
| 336 |
_2rdacontent _atext |
||
| 337 |
_2rdamedia _aUnmediated |
||
| 338 |
_2rdacarrier _avolume |
||
| 504 | _aيشتمل على ارجاعات ببليوجرافية | ||
| 541 |
_aد. جابر عصفور ؛ _bالقاهرة ؛ _cإهداء ؛ _d2024. |
||
| 600 |
_aابن حنبل، احمد ابن محمد، _d780-855. |
||
| 650 | 1 | 7 |
_aالحديث _xمسند احمد بن حنبل _2qrmak |
| 651 | 1 | _2qrmak | |
| 905 | _aHuda | ||
| 942 |
_2ddc _cBK _e21 _n0 |
||
| 999 |
_c178864 _d178864 |
||